[Event "Titled Tuesday intern op 24th Oct Late"]
[Site "Chess.com INT"]
[Date "2023.10.24"]
[Round "5"]
[White "Atanejhad, Sahebali"]
[Black "Zivic, Dragan"]
[Result "1-0"]
[WhiteElo "2008"]
[BlackElo "2146"]
[PlyCount "61"]
[EventDate "2023.10.24"]
[EventType "swiss (blitz)"]
[EventRounds "11"]
[EventCountry "USA"]
[SourceTitle "Mega2024 Update 01"]
[Source "Chessbase"]
[SourceDate "2023.11.12"]
[SourceVersion "1"]
[SourceVersionDate "2023.11.12"]
[SourceQuality "1"]

1. d4 Nf6 2. c4 e6 3. Nf3 Bb4+ 4. Bd2 Qe7 5. g3 b6 6. Bg2 Bb7 7. 0-0 Bxd2 8. Nbxd2 0-0 9. Qc2 d6 10. e4 e5 11. d5 a5 12. Ne1 Nbd7 13. Nd3 Nc5 14. b3 Nxd3 15. Qxd3 Nd7 16. a3 Nc5 17. Qc2 f5 18. exf5 Bc8 19. g4 h5 20. f3 Bd7 21. b4 Na6 22. Qc3 Qh4 23. h3 g6 24. fxg6 Kg7 25. Ne4 Rf4 26. Qe1 Qe7 27. gxh5 Rh8 28. Ng3 Rh4 29. f4 Bxh3 30. fxe5 dxe5 31. Rf7+ 1-0

[Event "Titled Tuesday intern op 24th Oct Late"]
[Site "Chess.com INT"]
[Date "2023.10.24"]
[Round "6"]
[White "Bjelobrk, Igor"]
[Black "Atanejhad, Sahebali"]
[Result "1-0"]
[WhiteElo "2403"]
[BlackElo "2008"]
[PlyCount "107"]
[EventDate "2023.10.24"]
[EventType "swiss (blitz)"]
[EventRounds "11"]
[EventCountry "USA"]
[SourceTitle "Mega2024 Update 01"]
[Source "Chessbase"]
[SourceDate "2023.11.12"]
[SourceVersion "1"]
[SourceVersionDate "2023.11.12"]
[SourceQuality "1"]

1. d4 Nf6 2. c4 g6 3. Nc3 Bg7 4. Nf3 d6 5. e4 0-0 6. Be2 e5 7. d5 Nbd7 8. Be3 Nc5 9. Nd2 a5 10. g4 Qe8 11. h4 a4 12. h5 Nfd7 13. h6 Bf6 14. g5 Bd8 15. Rg1 f5 16. f3 c6 17. Qc2 Be7 18. 0-0-0 Qd8 19. Rg2 f4 20. Bxc5 Nxc5 21. Rdg1 Qa5 22. a3 Bd7 23. Kb1 Rfb8 24. Na2 Rc8 25. Qd1 Ra6 26. Nb4 Rb6 27. Bf1 Rxb4 28. axb4 Qxb4 29. Ka2 b5 30. Qc2 cxd5 31. exd5 Bf5 32. Qc3 Qxc3 33. bxc3 bxc4 34. Bxc4 Nd3 35. Bxd3 Bxd3 36. Rc1 Bd8 37. Ne4 Bxe4 38. fxe4 Bb6 39. Ka3 Ra8 40. Rb2 Bc5+ 41. Ka2 a3 42. Rb7 f3 43. Rcb1 f2 44. Rg7+ Kf8 45. Rxh7 Kg8 46. Rg7+ Kh8 47. Rxg6 Rf8 48. Rf6 Rc8 49. g6 Kg8 50. Rf7 Kh8 51. Rbb7 Be3 52. Rh7+ Kg8 53. Rbg7+ Kf8 54. Rh8# 1-0

[Event "Titled Tuesday intern op 24th Oct Late"]
[Site "Chess.com INT"]
[Date "2023.10.24"]
[Round "4"]
[White "Maltsevskaya, Aleksandra"]
[Black "Atanejhad, Sahebali"]
[Result "1-0"]
[WhiteElo "2389"]
[BlackElo "2008"]
[PlyCount "59"]
[EventDate "2023.10.24"]
[EventType "swiss (blitz)"]
[EventRounds "11"]
[EventCountry "USA"]
[SourceTitle "Mega2024 Update 01"]
[Source "Chessbase"]
[SourceDate "2023.11.12"]
[SourceVersion "1"]
[SourceVersionDate "2023.11.12"]
[SourceQuality "1"]

1. Nf3 Nf6 2. g3 g6 3. Bg2 Bg7 4. 0-0 0-0 5. d4 d6 6. c4 Nbd7 7. Nc3 e5 8. dxe5 dxe5 9. Bg5 Re8 10. Qc2 h6 11. Bxf6 Nxf6 12. Rad1 Qe7 13. Nd5 Nxd5 14. cxd5 Qd6 15. Rc1 Re7 16. Nd2 Bf5 17. e4 Bg4 18. h3 Bc8 19. Nc4 Qa6 20. Rfd1 Bd7 21. Bf1 Qf6 22. d6 cxd6 23. Rxd6 Qg5 24. h4 Qh5 25. Rxd7 Rxd7 26. Be2 Rc8 27. Bxh5 gxh5 28. Qb1 Rdc7 29. Rc3 Rd7 30. Ne3 1-0

[Event "Titled Tuesday intern op 12th Sep Late"]
[Site "Chess.com INT"]
[Date "2023.09.12"]
[Round "10"]
[White "Atanejhad, Sahebali"]
[Black "Mesquita, Eduardo Barbosa"]
[Result "0-1"]
[WhiteElo "2008"]
[BlackElo "2008"]
[PlyCount "88"]
[EventDate "2023.09.12"]
[EventType "swiss (blitz)"]
[EventRounds "11"]
[EventCountry "USA"]
[SourceTitle "EXT 2024"]
[Source "ChessBase"]
[SourceDate "2023.10.10"]
[SourceVersion "1"]
[SourceVersionDate "2023.10.10"]
[SourceQuality "1"]

1. d4 d5 2. c4 e6 3. Nc3 Nf6 4. cxd5 exd5 5. Bg5 Be7 6. e3 Nbd7 7. Qc2 h6 8. Bh4 c6 9. Bd3 Nh5 10. Bxe7 Qxe7 11. Nge2 0-0 12. 0-0-0 b5 13. g4 Nhf6 14. Rdg1 a5 15. h4 b4 16. Nd1 Ne4 17. Nf4 a4 18. Bxe4 dxe4 19. g5 b3 20. axb3 axb3 21. Qxb3 hxg5 22. hxg5 Rb8 23. Qc2 Qd6 24. Qxe4 g6 25. Rh6 Kg7 26. Rgh1 Rg8 27. Rh7+ Kf8 28. Rh8 c5 29. Rxg8+ Kxg8 30. Qe8+ Nf8 31. dxc5 Qxc5+ 32. Nc3 Qxg5 33. Rh8+ Kxh8 34. Qxf8+ Kh7 35. Qxf7+ Kh6 36. Qf8+ Kh7 37. Ncd5 Qg1+ 38. Kd2 Qxf2+ 39. Kd3 Bf5+ 40. Kd4 Rxf8 41. Ne7 Qxb2+ 42. Kd5 Rd8+ 43. Kc6 Qf6+ 44. Kc7 Qxe7+ 0-1

[Event "Titled Tuesday intern op 12th Sep Late"]
[Site "Chess.com INT"]
[Date "2023.09.12"]
[Round "4"]
[White "Atanejhad, Sahebali"]
[Black "Pon, Matt"]
[Result "1-0"]
[WhiteElo "2008"]
[BlackElo "2185"]
[PlyCount "35"]
[EventDate "2023.09.12"]
[EventType "swiss (blitz)"]
[EventRounds "11"]
[EventCountry "USA"]
[SourceTitle "EXT 2024"]
[Source "ChessBase"]
[SourceDate "2023.10.10"]
[SourceVersion "1"]
[SourceVersionDate "2023.10.10"]
[SourceQuality "1"]

1. d4 Nf6 2. c4 c5 3. d5 e5 4. Nc3 d6 5. e4 Nbd7 6. Nf3 Be7 7. Be2 Nf8 8. 0-0 Ng6 9. Ne1 h5 10. Nd3 h4 11. b4 b6 12. a4 Nh7 13. a5 cxb4 14. Nxb4 Bd7 15. Nc6 Qc7 16. axb6 Qxb6 17. Be3 Qc7 18. Nb5 1-0

[Event "Titled Tuesday intern op 12th Sep Late"]
[Site "Chess.com INT"]
[Date "2023.09.12"]
[Round "8"]
[White "Gruzman, Ilya"]
[Black "Atanejhad, Sahebali"]
[Result "0-1"]
[WhiteElo "2151"]
[BlackElo "2008"]
[PlyCount "118"]
[EventDate "2023.09.12"]
[EventType "swiss (blitz)"]
[EventRounds "11"]
[EventCountry "USA"]
[SourceTitle "EXT 2024"]
[Source "ChessBase"]
[SourceDate "2023.10.10"]
[SourceVersion "1"]
[SourceVersionDate "2023.10.10"]
[SourceQuality "1"]

1. c4 b6 2. d4 Nf6 3. Nc3 e6 4. a3 d5 5. cxd5 exd5 6. Bf4 Bd6 7. Bxd6 Qxd6 8. e3 0-0 9. Nf3 c5 10. dxc5 bxc5 11. Be2 Be6 12. 0-0 Nbd7 13. Rc1 Rfb8 14. b3 h6 15. Rb1 Qc7 16. Nb5 Qa5 17. a4 a6 18. Na3 Ne4 19. Bd3 Qb4 20. Nc2 Qc3 21. Bxe4 dxe4 22. Nd2 Nf6 23. Qc1 Rd8 24. Rd1 Bg4 25. f3 exf3 26. Nxf3 Bxf3 27. gxf3 Nd5 28. e4 Nf6 29. Rxd8+ Rxd8 30. Ne3 Qe5 31. Qe1 Rd3 32. Rd1 Qg5+ 33. Kf2 Rxb3 34. Rd8+ Kh7 35. Qd2 Nxe4+ 36. fxe4 Qf4+ 37. Ke2 Qxh2+ 38. Kd1 Qg1+ 39. Kc2 Qxe3 40. Qxe3 Rxe3 41. Rd6 Rxe4 42. Rxa6 h5 43. Ra8 h4 44. a5 h3 45. a6 h2 46. a7 Rc4+ 47. Kb3 h1Q 48. Rb8 Rb4+ 49. Rxb4 cxb4 50. Kb2 Qa8 51. Kb3 Qxa7 52. Kb2 Qc7 53. Kb3 Qc3+ 54. Ka4 b3 55. Ka3 b2+ 56. Ka4 Qc4+ 57. Ka3 Qb5 58. Ka2 b1Q+ 59. Ka3 Q5b4# 0-1

[Event "TUR-chT 2nd League"]
[Site "Denizli"]
[Date "2023.07.14"]
[Round "8.81"]
[White "Atanejhad, Sahebali"]
[Black "Isilak, Enes"]
[Result "0-1"]
[WhiteElo "2052"]
[BlackElo "2168"]
[PlyCount "107"]
[EventDate "2023.07.09"]
[EventType "team-swiss"]
[EventRounds "9"]
[EventCountry "TUR"]
[SourceTitle "CBM 215 Extra"]
[Source "ChessBase"]
[SourceDate "2023.09.30"]
[SourceVersion "1"]
[SourceVersionDate "2023.09.30"]
[SourceQuality "1"]
[WhiteTeam "Bitlis Ihtisas Egitim"]
[BlackTeam "Manisa Turkuaz"]
[WhiteTeamCountry "TUR"]
[BlackTeamCountry "TUR"]

1. d4 Nf6 2. c4 g6 3. Nc3 d5 4. cxd5 Nxd5 5. Bd2 Bg7 6. e4 Nb6 7. Be3 0-0 8. Bb5 Be6 9. Nge2 c6 10. Bd3 Bc4 11. b3 Bxd3 12. Qxd3 e5 13. Rd1 exd4 14. Bxd4 N8d7 15. Bxg7 Kxg7 16. 0-0 Qe7 17. f4 Rad8 18. Qd6 Qxd6 19. Rxd6 Nc5 20. Rfd1 Rde8 21. Ng3 a5 22. h4 Re6 23. h5 Nd5 24. Rxe6 Nxc3 25. Re5 Nxd1 26. Rxc5 Ra8 27. Kf1 Ne3+ 28. Kf2 Ng4+ 29. Kf3 Nf6 30. hxg6 hxg6 31. Rc4 Rd8 32. Ke2 Kf8 33. Ra4 b6 34. b4 Rd4 35. Ra3 Rxb4 36. Kf3 Nd7 37. Rd3 Ke7 38. e5 f6 39. exf6+ Nxf6 40. f5 g5 41. Re3+ Kf7 42. Re6 Rf4+ 43. Ke2 Ra4 44. Rxc6 Rxa2+ 45. Kf3 Ra3+ 46. Kf2 Ng4+ 47. Ke2 Rxg3 48. Rxb6 Re3+ 49. Kd2 Re5 50. Kd3 Rxf5 51. Ke4 Rf4+ 52. Kd5 Ne3+ 53. Kc5 Nxg2 54. Kd6 0-1

[Event "TUR-chT 2nd League"]
[Site "Denizli"]
[Date "2023.07.10"]
[Round "3.101"]
[White "Atanejhad, Sahebali"]
[Black "Bayramov, Elvin Shamil Oglu"]
[Result "0-1"]
[WhiteElo "2052"]
[BlackElo "2193"]
[PlyCount "144"]
[EventDate "2023.07.09"]
[EventType "team-swiss"]
[EventRounds "9"]
[EventCountry "TUR"]
[SourceTitle "CBM 215 Extra"]
[Source "ChessBase"]
[SourceDate "2023.09.30"]
[SourceVersion "1"]
[SourceVersionDate "2023.09.30"]
[SourceQuality "1"]
[WhiteTeam "Bitlis Ihtisas Egitim"]
[BlackTeam "Altinkale Kultur"]
[WhiteTeamCountry "TUR"]
[BlackTeamCountry "TUR"]

1. d4 Nf6 2. c4 e6 3. Nf3 b6 4. g3 Bb7 5. Bg2 d6 6. Nc3 Nbd7 7. 0-0 Ne4 8. Qc2 Nxc3 9. Qxc3 Be7 10. b3 0-0 11. Bb2 Nf6 12. Nd2 Bxg2 13. Kxg2 d5 14. Rfd1 a5 15. Rac1 Bb4 16. Qd3 Bxd2 17. Rxd2 a4 18. Rdc2 axb3 19. axb3 Ra2 20. Bc3 Qa8 21. Rxa2 Qxa2 22. Bb4 Re8 23. cxd5 Nxd5 24. Bd2 f5 25. f3 Ra8 26. Qc2 Qxc2 27. Rxc2 Ra3 28. Rb2 Kf7 29. Kf2 Ke8 30. e4 fxe4 31. fxe4 Nf6 32. Kf3 e5 33. Bb4 Ra1 34. dxe5 Nd7 35. e6 Ne5+ 36. Ke3 Rd1 37. Ke2 Rd4 38. Bc3 Rxe4+ 39. Kd2 Ke7 40. Ra2 Kxe6 41. Ra8 Nf3+ 42. Kd3 Rg4 43. Rc8 Kd6 44. Rd8+ Kc6 45. Rh8 h6 46. Rh7 Nxh2 47. Rxg7 Rxg7 48. Bxg7 h5 49. Ke4 Kb5 50. Bc3 Ng4 51. Kf4 Nf2 52. Bf6 c5 53. Bd8 Kc6 54. Bh4 Nd3+ 55. Kg5 Nc1 56. Kxh5 Nxb3 57. g4 Nd4 58. g5 b5 59. g6 Ne6 60. Kg4 Kd5 61. Bf6 Ke4 62. Kg3 c4 63. Kf2 Kd3 64. Ke1 Kc2 65. Kf2 b4 66. Ke3 b3 67. Ke4 c3 68. Ke5 b2 69. Kxe6 b1Q 70. Kf7 Qb7+ 71. Kf8 Qc8+ 72. Kf7 Qd7+ 0-1

[Event "Titled Tuesday intern op 02nd Aug Early"]
[Site "Chess.com INT"]
[Date "2022.08.02"]
[Round "8"]
[White "Atanejhad, Sahebali"]
[Black "Valle Maytin, Luis Enrique"]
[Result "0-1"]
[WhiteElo "2111"]
[BlackElo "2268"]
[PlyCount "100"]
[EventDate "2022.08.02"]
[EventType "swiss (blitz)"]
[EventRounds "11"]
[EventCountry "USA"]
[SourceTitle "EXT 2023"]
[Source "ChessBase"]
[SourceDate "2022.10.05"]
[SourceVersion "1"]
[SourceVersionDate "2022.10.05"]
[SourceQuality "1"]

1. d4 Nf6 2. c4 e6 3. Nf3 b6 4. g3 Bb7 5. Bg2 Be7 6. 0-0 0-0 7. Nc3 d5 8. Qc2 dxc4 9. Rd1 Nbd7 10. e4 Rc8 11. Bf4 Qe8 12. h3 c5 13. d5 Nh5 14. Be3 e5 15. d6 Bf6 16. Nd5 Bxd5 17. Rxd5 g6 18. g4 Nf4 19. Bxf4 exf4 20. Re1 Qe6 21. Rdd1 Be5 22. Bf1 b5 23. Rd5 f6 24. b3 cxb3 25. axb3 a6 26. Qa2 Rc6 27. Red1 Rf7 28. Qa5 Rf8 29. R1d2 Kg7 30. Rd1 Rfc8 31. Kg2 Qe8 32. Be2 Qd8 33. Qa2 Qg8 34. g5 Qe6 35. gxf6+ Qxf6 36. Kf1 Rd8 37. Qa5 Rdc8 38. h4 Rxd6 39. Rxd6 Bxd6 40. Qd2 Rc6 41. Qd5 Rb6 42. Ng5 Ne5 43. Ne6+ Kh6 44. Ng5 f3 45. Bd3 Bc7 46. Bc2 Rd6 47. Qg8 Rxd1+ 48. Bxd1 Qg7 49. Qe6 Qd7 50. Qg8 Qxd1# 0-1

[Event "Titled Tuesday intern op 02nd Aug Early"]
[Site "Chess.com INT"]
[Date "2022.08.02"]
[Round "5"]
[White "Gubajdullin, Alexey"]
[Black "Atanejhad, Sahebali"]
[Result "1-0"]
[WhiteElo "2300"]
[BlackElo "2111"]
[PlyCount "63"]
[EventDate "2022.08.02"]
[EventType "swiss (blitz)"]
[EventRounds "11"]
[EventCountry "USA"]
[SourceTitle "EXT 2023"]
[Source "ChessBase"]
[SourceDate "2022.10.05"]
[SourceVersion "1"]
[SourceVersionDate "2022.10.05"]
[SourceQuality "1"]

1. Nf3 d5 2. d4 Nf6 3. Bf4 e6 4. e3 Bd6 5. Bg3 c5 6. c3 Nc6 7. Nbd2 0-0 8. Bd3 Re8 9. Ne5 Qc7 10. f4 g6 11. Bh4 Nd7 12. Qf3 f5 13. g4 Ndxe5 14. fxe5 Bxe5 15. dxe5 Nxe5 16. Qe2 Nxd3+ 17. Qxd3 c4 18. Qd4 Qc6 19. Bg3 e5 20. Bxe5 fxg4 21. 0-0-0 Bf5 22. e4 dxe4 23. Nxc4 Rac8 24. Nd6 Rcd8 25. Bf6 Rd7 26. Qb4 Re6 27. Nxf5 gxf5 28. Rxd7 Qxd7 29. Rd1 Qe8 30. Rd8 e3 31. Rxe8+ Rxe8 32. Qxb7 1-0

[Event "Titled Tuesday intern op 19th Jul Late"]
[Site "Chess.com INT"]
[Date "2022.07.19"]
[Round "1"]
[White "Atanejhad, Sahebali"]
[Black "Wu, Rochelle"]
[Result "0-1"]
[WhiteElo "2109"]
[BlackElo "2216"]
[PlyCount "88"]
[EventDate "2022.07.19"]
[EventType "swiss (blitz)"]
[EventRounds "11"]
[EventCountry "USA"]
[SourceTitle "EXT 2023"]
[Source "ChessBase"]
[SourceDate "2022.10.05"]
[SourceVersion "1"]
[SourceVersionDate "2022.10.05"]
[SourceQuality "1"]

1. d4 d5 2. c4 c6 3. Nf3 Nf6 4. Nc3 a6 5. b3 Bf5 6. e3 e6 7. Nh4 Be4 8. f3 Bg6 9. Nxg6 hxg6 10. Bd3 Bb4 11. Bd2 Qc7 12. g3 Nbd7 13. Qe2 c5 14. 0-0-0 cxd4 15. exd4 dxc4 16. bxc4 Qa5 17. Ne4 0-0 18. Bxb4 Qxb4 19. Qb2 Qa5 20. h4 b5 21. c5 Rac8 22. Kb1 Nd5 23. Nd6 Rc7 24. Rc1 e5 25. h5 g5 26. dxe5 Nxc5 27. Be4 Na4 28. Qb3 Ndc3+ 29. Ka1 Nxe4 30. fxe4 Rxc1+ 31. Rxc1 Qd2 32. Rb1 Qd4+ 33. Rb2 Qxe5 34. h6 gxh6 35. Nf5 Qxb2+ 36. Qxb2 Nxb2 37. Kxb2 Kh7 38. e5 Re8 39. Nd6 Rxe5 40. Nxf7 Re2+ 41. Kb3 Re3+ 42. Kb4 Rxg3 43. Nd6 Rg2 44. Nf5 Rxa2 0-1

[Event "Titled Tuesday intern op 12th Jul Late"]
[Site "Chess.com INT"]
[Date "2022.07.12"]
[Round "6"]
[White "Atanejhad, Sahebali"]
[Black "Filgueira, Hernan"]
[Result "1-0"]
[WhiteElo "2109"]
[BlackElo "2283"]
[PlyCount "191"]
[EventDate "2022.07.12"]
[EventType "swiss (blitz)"]
[EventRounds "11"]
[EventCountry "USA"]
[SourceTitle "EXT 2023"]
[Source "ChessBase"]
[SourceDate "2022.10.05"]
[SourceVersion "1"]
[SourceVersionDate "2022.10.05"]
[SourceQuality "1"]

1. e3 d5 2. Nf3 Nf6 3. b3 g6 4. Bb2 Bg7 5. Be2 0-0 6. 0-0 c5 7. c4 dxc4 8. Bxc4 Nc6 9. h3 a6 10. a4 b6 11. Nc3 Bb7 12. Qe2 Na5 13. d4 cxd4 14. Nxd4 Nxc4 15. Qxc4 Rc8 16. Qe2 Nd5 17. Nxd5 Qxd5 18. f3 e5 19. e4 Qd7 20. Nc2 Qc7 21. Ne3 Bh6 22. Nd5 Bxd5 23. exd5 Bg7 24. d6 Qc2 25. Qxc2 Rxc2 26. Ba3 Bh6 27. Rfd1 Be3+ 28. Kh1 Bd4 29. Rac1 Ra2 30. d7 Rxa3 31. Rc8 Rxb3 32. Rxf8+ Kxf8 33. d8Q+ Kg7 34. Rxd4 exd4 35. Qxd4+ Kg8 36. Qe4 a5 37. Kh2 Rb4 38. Qe3 h5 39. Kg3 h4+ 40. Kh2 Kg7 41. Qe5+ Kg8 42. Qe8+ Kg7 43. Qe5+ Kg8 44. Kg1 Kh7 45. Qe8 Kg7 46. Kf2 g5 47. Ke3 f6 48. Kd3 Rf4 49. Kc3 Kh7 50. Qe7+ Kg8 51. Qd8+ Kg7 52. Qxb6 Rxa4 53. Qc7+ Kh6 54. Kd3 Rf4 55. Qxa5 Kg6 56. Qd8 Kg7 57. Qe7+ Kg6 58. Ke3 Kh6 59. Qf8+ Kg6 60. Qg8+ Kh6 61. Ke2 Rf5 62. Qh8+ Kg6 63. Qe8+ Kh6 64. Ke3 Rf4 65. Qg8 Rf5 66. Qb8 Re5+ 67. Qxe5 fxe5 68. Ke4 Kg6 69. Kxe5 Kh5 70. Kf5 Kh6 71. Kg4 Kg6 72. f4 gxf4 73. Kxh4 Kf5 74. Kh5 Ke4 75. Kg4 Ke5 76. h4 Kf6 77. Kxf4 Kg6 78. g3 Kh5 79. Kf3 Kg6 80. Kg4 Kh6 81. h5 Kg7 82. Kh4 Kh6 83. g4 Kg7 84. g5 Kh7 85. Kg4 Kg7 86. Kf5 Kh7 87. g6+ Kg7 88. Kg5 Kh8 89. h6 Kg8 90. g7 Kf7 91. Kf5 Kg8 92. Kf6 Kh7 93. Kf7 Kxh6 94. g8Q Kh5 95. Qg3 Kh6 96. Qg6# 1-0

[Event "Titled Tuesday intern op 12th Jul Late"]
[Site "Chess.com INT"]
[Date "2022.07.12"]
[Round "1"]
[White "Atanejhad, Sahebali"]
[Black "Madaminov, Mukhiddin"]
[Result "1-0"]
[WhiteElo "2109"]
[BlackElo "2408"]
[PlyCount "119"]
[EventDate "2022.07.12"]
[EventType "swiss (blitz)"]
[EventRounds "11"]
[EventCountry "USA"]
[SourceTitle "EXT 2023"]
[Source "ChessBase"]
[SourceDate "2022.10.05"]
[SourceVersion "1"]
[SourceVersionDate "2022.10.05"]
[SourceQuality "1"]

1. d4 Nf6 2. c4 e6 3. Nf3 b6 4. g3 Ba6 5. b3 Bb4+ 6. Bd2 Be7 7. Bg2 0-0 8. Bc3 d5 9. Ne5 Bb7 10. 0-0 Nbd7 11. Nd2 c5 12. Nxd7 Qxd7 13. dxc5 bxc5 14. cxd5 exd5 15. Nf3 Rfd8 16. Ne5 Qc7 17. Bb2 Rac8 18. Rc1 a5 19. Qd3 Qb6 20. Qf5 Qe6 21. Qxe6 fxe6 22. Bh3 Rd6 23. Ba3 Rb6 24. Nd3 Nd7 25. Rc2 Kf7 26. Rfc1 c4 27. Bxe7 cxd3 28. Rxc8 Bxc8 29. Bd8 Rc6 30. Rxc6 d2 31. Bxe6+ Ke8 32. Rxc8 d1Q+ 33. Kg2 Nb6 34. Bxb6+ Ke7 35. Bg4 h5 36. Bf3 Qa1 37. Bxa5 Qxa2 38. Bb4+ Kd7 39. Rc3 g5 40. Bxh5 d4 41. Rd3 Ke6 42. Bg4+ Ke5 43. Bc5 Qc2 44. Bxd4+ Kd5 45. Bf3+ Ke6 46. Be3 Qc8 47. Bg4+ Ke5 48. Bxc8 g4 49. Bxg4 Ke4 50. Bf3+ Ke5 51. Rd5+ Ke6 52. b4 Kf6 53. b5 Ke6 54. b6 Kf6 55. b7 Ke6 56. b8Q Kf6 57. Qb6+ Ke7 58. Rc5 Ke8 59. Rc7 Kd8 60. Qb8# 1-0

[Event "Titled Tuesday intern op 12th Jul Late"]
[Site "Chess.com INT"]
[Date "2022.07.12"]
[Round "7"]
[White "Fishbein, Alexander"]
[Black "Atanejhad, Sahebali"]
[Result "1-0"]
[WhiteElo "2411"]
[BlackElo "2109"]
[PlyCount "95"]
[EventDate "2022.07.12"]
[EventType "swiss (blitz)"]
[EventRounds "11"]
[EventCountry "USA"]
[SourceTitle "EXT 2023"]
[Source "ChessBase"]
[SourceDate "2022.10.05"]
[SourceVersion "1"]
[SourceVersionDate "2022.10.05"]
[SourceQuality "1"]

1. e4 c5 2. Nf3 g6 3. c4 Nc6 4. d4 cxd4 5. Nxd4 Nf6 6. Nc3 Nxd4 7. Qxd4 d6 8. f3 Bg7 9. Be3 0-0 10. Qd2 Be6 11. Rc1 Qa5 12. Be2 Rfc8 13. b3 a6 14. Na4 Qxd2+ 15. Kxd2 Nd7 16. g4 f5 17. gxf5 gxf5 18. Rhg1 Kf7 19. Nc3 b5 20. Nd5 bxc4 21. Nxe7 c3+ 22. Kc2 Rc7 23. exf5 Bf6 24. fxe6+ Kxe6 25. Ng8 Be5 26. f4 Bh8 27. Nh6 a5 28. Bg4+ Ke7 29. Nf5+ Kf8 30. Nxd6 a4 31. Bxd7 axb3+ 32. axb3 Ra2+ 33. Kd3 Rxd7 34. Bc5 Rd2+ 35. Kc4 R7xd6 36. Rxc3 Bxc3 37. Kxc3 Kf7 38. Bxd6 Rxd6 39. b4 Kf6 40. b5 Kf5 41. Kb4 Kxf4 42. Rc1 h5 43. Rc2 h4 44. Ka5 h3 45. b6 Rd5+ 46. Ka6 Rg5 47. b7 Rg2 48. b8Q+ 1-0

[Event "Titled Tuesday intern op 07th Jun Late"]
[Site "Chess.com INT"]
[Date "2022.06.07"]
[Round "6"]
[White "Atanejhad, Sahebali"]
[Black "Garcia, Gabriel Gonzaga"]
[Result "0-1"]
[WhiteElo "2109"]
[BlackElo "2091"]
[PlyCount "43"]
[EventDate "2022.06.07"]
[EventType "swiss (blitz)"]
[EventRounds "11"]
[EventCountry "USA"]
[SourceTitle "CBM 208 Extra"]
[Source "ChessBase"]
[SourceDate "2022.07.31"]
[SourceVersion "1"]
[SourceVersionDate "2022.07.31"]
[SourceQuality "1"]

1. d4 Nf6 2. c4 e6 3. Nf3 Bb4+ 4. Bd2 Qe7 5. g3 0-0 6. Bg2 d5 7. 0-0 dxc4 8. a3 Bxd2 9. Nbxd2 c5 10. dxc5 Qxc5 11. Rc1 b5 12. Ne5 Nd5 13. Ne4 Qc7 14. Qd4 Bb7 15. Ng4 Nc6 16. Qd2 Ne5 17. Qg5 Nxg4 18. Qxg4 f5 19. Qh3 fxe4 20. Qxe6+ Qf7 21. Qxe4 Rae8 22. Qc2 0-1

[Event "Titled Tuesday intern op 07th Jun Late"]
[Site "Chess.com INT"]
[Date "2022.06.07"]
[Round "3"]
[White "Fernandez Hernandez, Gerardo"]
[Black "Atanejhad, Sahebali"]
[Result "1-0"]
[WhiteElo "2169"]
[BlackElo "2109"]
[PlyCount "101"]
[EventDate "2022.06.07"]
[EventType "swiss (blitz)"]
[EventRounds "11"]
[EventCountry "USA"]
[SourceTitle "CBM 208 Extra"]
[Source "ChessBase"]
[SourceDate "2022.07.31"]
[SourceVersion "1"]
[SourceVersionDate "2022.07.31"]
[SourceQuality "1"]

1. e4 c5 2. Nc3 g6 3. g3 Bg7 4. Bg2 Nc6 5. d3 Rb8 6. Be3 d6 7. Qd2 b5 8. Nge2 b4 9. Nd1 h5 10. h3 h4 11. g4 e5 12. 0-0 Nge7 13. f4 f6 14. c3 bxc3 15. bxc3 exf4 16. Nxf4 Ne5 17. Qc2 0-0 18. d4 Nc4 19. Bf2 f5 20. gxf5 gxf5 21. Bxh4 Qe8 22. Bxe7 Qxe7 23. Ng6 Qg5 24. Nxf8 Bxf8 25. exf5 Bb7 26. Kh1 Kh8 27. Bxb7 Rxb7 28. Qg2 Qe7 29. Rg1 Qf7 30. Qe4 d5 31. Qh4+ Qh7 32. Qf6+ Rg7 33. Qd8 Qg8 34. Rxg7 Qxg7 35. Qh4+ Kg8 36. Qg4 cxd4 37. Qxg7+ Bxg7 38. cxd4 Bxd4 39. Rb1 Bb6 40. Kg2 d4 41. Nb2 Ne3+ 42. Kf3 Nxf5 43. Nd3 Kf7 44. Re1 Ne3 45. Rg1 Kf6 46. Ke4 Nc2 47. h4 Na3 48. h5 Nc4 49. h6 Nd6+ 50. Kd5 Nf7 51. h7 1-0

[Event "Titled Tuesday intern op 31st May Early"]
[Site "Chess.com INT"]
[Date "2022.05.31"]
[Round "1"]
[White "Atanejhad, Sahebali"]
[Black "Goltsev, Dmitry"]
[Result "1/2-1/2"]
[WhiteElo "2123"]
[BlackElo "2293"]
[PlyCount "64"]
[EventDate "2022.05.31"]
[EventType "swiss (blitz)"]
[EventRounds "11"]
[EventCountry "USA"]
[SourceTitle "CBM 208 Extra"]
[Source "ChessBase"]
[SourceDate "2022.07.31"]
[SourceVersion "1"]
[SourceVersionDate "2022.07.31"]
[SourceQuality "1"]

1. d4 Nf6 2. c4 e6 3. Nf3 Bb4+ 4. Bd2 Qe7 5. g3 Ne4 6. Nc3 Nxd2 7. Qxd2 b6 8. Bg2 Bb7 9. 0-0 0-0 10. d5 Bxc3 11. Qxc3 exd5 12. Nd4 c5 13. Nf5 Qg5 14. Qf3 Nc6 15. h4 Qf6 16. cxd5 Nb4 17. e4 Qxb2 18. Qg4 Qf6 19. f4 Rfe8 20. h5 g6 21. Nh6+ Kg7 22. e5 Qd8 23. Nf5+ Kh8 24. Nd6 Qc7 25. Qg5 Nxd5 26. Bxd5 Bxd5 27. Qf6+ Kg8 28. h6 Kf8 29. Qh8+ Ke7 30. Qf6+ Kf8 31. Qh8+ Ke7 32. Qf6+ Kf8 1/2-1/2

[Event "Titled Tuesday intern op 31st May Early"]
[Site "Chess.com INT"]
[Date "2022.05.31"]
[Round "3"]
[White "Gormally, Daniel"]
[Black "Atanejhad, Sahebali"]
[Result "1-0"]
[WhiteElo "2476"]
[BlackElo "2123"]
[PlyCount "79"]
[EventDate "2022.05.31"]
[EventType "swiss (blitz)"]
[EventRounds "11"]
[EventCountry "USA"]
[SourceTitle "CBM 208 Extra"]
[Source "ChessBase"]
[SourceDate "2022.07.31"]
[SourceVersion "1"]
[SourceVersionDate "2022.07.31"]
[SourceQuality "1"]

1. d4 Nf6 2. c3 d5 3. Nf3 c5 4. dxc5 e6 5. b4 a5 6. Qb3 Ra6 7. e3 Ra8 8. Bb5+ Bd7 9. Bxd7+ Qxd7 10. 0-0 Be7 11. Nbd2 Nc6 12. a4 0-0 13. Ba3 Rfb8 14. b5 Nd8 15. c4 Ne4 16. cxd5 Nxc5 17. Bxc5 Bxc5 18. Ne4 Bb6 19. Rfd1 exd5 20. Rxd5 Qe8 21. Re5 Qf8 22. Rd1 h6 23. h4 Ne6 24. Rxe6 fxe6 25. Qxe6+ Kh8 26. Qxb6 Re8 27. Nd6 Re7 28. e4 Kh7 29. e5 Qf4 30. Qd4 Qxd4 31. Rxd4 Rd8 32. g3 g6 33. Kg2 Rdd7 34. Nc4 Rxd4 35. Nxd4 Rd7 36. Nf3 Rc7 37. Nxa5 Kg7 38. b6 Re7 39. Nb3 Kf7 40. Nc5 1-0